[Event "Challenge"]
[Site "http://www.queenalice.com/game.php?id=1171143"]
[Date "2013.4.13"]
[Round "-"]
[White "Dunsty"]
[Black "Lill_Canto"]
[Result "0-1"]
[WhiteElo "1216"]
[BlackElo "1382"]

1. d4 d5 2. Bf4 Nf6 3. e3 e6 4. b3 Bb4+ 5. c3 Bxc3+ 6. Nxc3 O-O 7. Nb5 Na6 8.
Bd3 c6 9. Nd6 Nb4 10. Be2 g5 11. Bg3 Qc7 12. a3 Na6 13. b4 b5 14. a4 bxa4 15.
Rxa4 Rb8 16. Qd3 Nxb4 17. Qc3 Qb6 18. e4 a5 19. Nf3 g4 20. Ne5 Rd8 21. Ndxf7 Rf8
22. Nc4 dxc4 23. Qxc4 Rxf7 24. d5 cxd5 25. Qxb4 Qxb4+ 26. Rxb4 axb4 27. Bxb8
Nxe4 28. f3 gxf3 0-1

[Event "AUTO-BEG-568"]
[Site "http://www.queenalice.com/game.php?id=1177720"]
[Date "2013.5.2"]
[Round "2"]
[White "Lill_Canto"]
[Black "Amazona"]
[Result "0-1"]
[WhiteElo "1404"]
[BlackElo "1794"]

1. d4 d5 2. Nf3 Nc6 3. Nc3 e6 4. e3 Nf6 5. Bd3 Bb4 6. Bd2 O-O 7. O-O Qd6 8. e4
dxe4 9. Nxe4 Nxe4 10. Bxe4 Nxd4 11. c3 Bxc3 12. Bxc3 Nxf3+ 13. Qxf3 e5 14. Qh5
g6 15. Qh6 Bg4 16. h3 Be2 17. Rfc1 Rad8 18. Bc2 f6 19. a3 Qe7 20. Bb4 c5 21. Bc3
Qg7 22. Qxg7+ Kxg7 23. Ba5 b6 24. Bc3 Rd5 25. Re1 Ba6 26. Re3 Re8 27. f4 Bb7 28.
fxe5 fxe5 29. Rxe5 Rdxe5 30. Bxe5+ Rxe5 31. Kf2 Rg5 32. Re1 Rxg2+ 33. Kf1 Rxc2
34. Re7+ Kh6 35. Rxb7 Rxb2 36. Rxa7 Rb3 37. Ra5 bxa5 0-1

[Event "Challenge again"]
[Site "http://www.queenalice.com/game.php?id=1182372"]
[Date "2013.5.18"]
[Round "-"]
[White "gambittree3"]
[Black "Lill_Canto"]
[Result "0-1"]
[WhiteElo "1307"]
[BlackElo "1391"]

1. b3 e5 2. Bb2 Nf6 3. Nf3 e4 4. Nd4 Bc5 5. e3 O-O 6. Nf5 d6 7. Nh4 Ng4 8. Qe2
Qxh4 9. g3 Qg5 10. Bh3 Ne5 11. Bxc8 Rxc8 12. Nc3 Nbc6 13. O-O-O a5 14. Nd5 a4
15. h4 Qf5 16. g4 Nxg4 17. Nf4 axb3 18. cxb3 Rxa2 19. Kc2 Ba3 20. Rb1 Nb4+ 21.
Kd1 Bxb2 22. Rxb2 Rxb2 23. Qb5 Qxb5 24. Re1 Nxf2+ 25. Kc1 Qc5+ 26. Kxb2 Nbd3+
27. Nxd3 Nxd3+ 28. Ka2 Ra8+ 29. Kb1 Nxe1 0-1

[Event "Challenge"]
[Site "http://www.queenalice.com/game.php?id=1185904"]
[Date "2013.5.30"]
[Round "-"]
[White "Lill_Canto"]
[Black "Oscar1961"]
[Result "1-0"]
[WhiteElo "1402"]
[BlackElo "1301"]

1. d4 d5 2. Nc3 c6 3. Be3 e6 4. Nf3 f6 5. Qd3 h6 6. O-O-O Bb4 7. a3 Bxc3 8. Qxc3
g5 9. g4 h5 10. gxh5 Rxh5 11. Qd3 Rh6 12. Qc3 e5 13. Qb4 exd4 14. Bxd4 Bg4 15.
Qxb7 Nd7 16. Qxc6 f5 17. Qxd5 Bxf3 18. exf3 Ne7 19. Re1 Rc8 20. Rg1 g4 21. Qxf5
Nb8 22. Bb5+ Nc6 23. Bxa7 Rg6 24. Qxg6+ Kf8 25. Qh7 Nxa7 26. a4 gxf3 27. Rg8+
Nxg8 28. Qxa7 Nf6 29. Rg1 Qd5 30. Rd1 Qg5+ 31. Kb1 Qf5 32. Rg1 Qxc2+ 33. Ka2 Rd8
34. Qg7# 1-0

[Event "Let's Play Chess!"]
[Site "http://www.queenalice.com/game.php?id=1190700"]
[Date "2013.6.15"]
[Round "-"]
[White "carlosufpe"]
[Black "Lill_Canto"]
[Result "0-1"]
[WhiteElo "1598"]
[BlackElo "1397"]

1. d4 d5 2. e3 Nf6 3. Nf3 e6 4. Be2 Be7 5. O-O O-O 6. b3 Ne4 7. Bb2 Nc6 8. Bb5
Bh4 9. Nxh4 Qxh4 10. Bxc6 bxc6 11. Nd2 Ba6 12. c4 Nxd2 13. Qxd2 dxc4 14. bxc4
Bxc4 15. Rfc1 Bd5 16. Qe2 Qg5 17. f3 c5 18. e4 Bb7 19. dxc5 Qe7 20. Qf2 Rad8 21.
Qg3 f6 22. a4 Ba6 23. Ba3 Rd3 24. Bb4 Qd7 25. c6 Qd4+ 26. Qf2 Qxb4 27. Qxa7 Qd4+
28. Qxd4 Rxd4 29. h3 f5 30. exf5 exf5 31. a5 Re8 32. Ra2 Bc4 33. Ra4 Re2 34.
Raxc4 Rdd2 35. a6 Ra2 36. a7 Rxg2+ 37. Kh1 Rg3 38. h4 Rxf3 39. R4c2 Rxa7 40. Kg2
Rf4 41. Kg3 Rg4+ 42. Kh3 g5 43. hxg5 Rxg5 44. Rg2 Rxg2 45. Kxg2 h5 46. Rc5 Ra2+
47. Kg3 Kg7 48. Rxf5 Kg6 49. Rf4 Rc2 0-1

[Event "Challenge"]
[Site "http://www.queenalice.com/game.php?id=1191809"]
[Date "2013.6.17"]
[Round "-"]
[White "Cubanauta"]
[Black "Lill_Canto"]
[Result "1-0"]
[WhiteElo "1740"]
[BlackElo "1370"]

1. d4 d5 2. c4 dxc4 3. Qa4+ Nc6 4. e3 Nf6 5. Bxc4 e6 6. Nf3 Bb4+ 7. Bd2 Bxd2+ 8.
Nbxd2 O-O 9. Rc1 Ne4 10. Nxe4 Bd7 11. Qb3 Ne7 12. Ne5 Bc6 13. Nxc6 bxc6 14. O-O
Rb8 15. Qa3 Nf5 16. Nc5 Qg5 17. Nd7 h6 18. Nxb8 1-0

[Event "Challenge"]
[Site "http://www.queenalice.com/game.php?id=1193925"]
[Date "2013.6.25"]
[Round "-"]
[White "Rogerio11"]
[Black "Lill_Canto"]
[Result "1-0"]
[WhiteElo "1314"]
[BlackElo "1391"]

1. e4 e5 2. Bc4 Nf6 3. g4 Nxe4 4. Qf3 Ng5 5. Qd5 Be7 6. Nf3 Nxf3+ 7. Qxf3 d5 8.
Bxd5 c6 9. Qxf7+ Kd7 10. Qxg7 Rf8 11. Bc4 Rf4 12. Qxh7 Rxc4 13. d3 Rxc2 14. Qf5+
Kd6 15. Qe4 Rxc1+ 16. Kd2 Bg5+ 17. Ke2 Rxh1 18. Qxh1 Bxg4+ 19. f3 Bh3 20. Nc3
Nd7 21. b4 Qf8 22. Qg1 Qf4 23. Ne4+ Kc7 24. Nxg5 Bf5 25. Rc1 Qd4 26. a3 1-0

[Event "AUTO-INT-2684"]
[Site "http://www.queenalice.com/game.php?id=1201358"]
[Date "2013.7.20"]
[Round "1"]
[White "santanacampos"]
[Black "Lill_Canto"]
[Result "1-0"]
[WhiteElo "1702"]
[BlackElo "1409"]

1. c4 Nf6 2. d4 e6 3. Nf3 Bb4+ 4. Bd2 Bxd2+ 5. Nfxd2 O-O 6. e3 Nc6 7. Qc2 d5 8.
c5 Nb4 9. Qb3 Nc6 10. Bd3 Na5 11. Qc3 Nc6 12. Nf3 b6 13. Ne5 Nxe5 14. dxe5 Ng4
15. cxb6 axb6 16. Nd2 1-0

[Event "AUTO-INT-2684"]
[Site "http://www.queenalice.com/game.php?id=1201359"]
[Date "2013.7.20"]
[Round "1"]
[White "Lill_Canto"]
[Black "santanacampos"]
[Result "0-1"]
[WhiteElo "1414"]
[BlackElo "1697"]

1. Nf3 d5 2. e3 f6 3. Be2 c6 4. O-O e5 5. d3 Nd7 6. Nc3 Bb4 7. Bd2 Qc7 8. d4
exd4 9. exd4 Ne7 10. Bd3 Qb6 11. Re1 Bxc3 12. bxc3 Qc7 13. Qe2 Nb8 14. Bf4 Qd8
15. c4 Bg4 16. Qe3 Bxf3 17. gxf3 O-O 0-1

[Event "AUTO-INT-2684"]
[Site "http://www.queenalice.com/game.php?id=1201372"]
[Date "2013.7.20"]
[Round "1"]
[White "Lill_Canto"]
[Black "GastonLagaffe"]
[Result "0-1"]
[WhiteElo "1405"]
[BlackElo "1497"]

1. d4 b6 2. e4 Bb7 3. f3 d5 4. e5 c5 5. Bd3 cxd4 6. Ne2 Nc6 7. f4 e6 8. O-O Bc5
9. Na3 f5 10. Ng3 g6 11. Nb5 Rb8 12. b3 a6 13. Nd6+ Kf8 14. a3 Bxd6 0-1

[Event "AUTO-INT-2684"]
[Site "http://www.queenalice.com/game.php?id=1201374"]
[Date "2013.7.20"]
[Round "1"]
[White "Lill_Canto"]
[Black "NickThorp"]
[Result "0-1"]
[WhiteElo "1421"]
[BlackElo "1635"]

1. Nf3 d5 2. e3 e6 3. Bd3 a6 4. Ne5 Bd6 5. f4 Nf6 6. O-O O-O 7. Nc3 Nc6 8. Nxc6
bxc6 9. f5 exf5 10. Bxf5 Bxf5 11. Rxf5 Re8 12. d4 c5 0-1

[Event "AUTO-INT-2684"]
[Site "http://www.queenalice.com/game.php?id=1201375"]
[Date "2013.7.20"]
[Round "1"]
[White "NickThorp"]
[Black "Lill_Canto"]
[Result "1-0"]
[WhiteElo "1618"]
[BlackElo "1368"]

1. e4 Nf6 2. Nc3 e5 3. Nf3 Bd6 4. d3 O-O 5. Bg5 Nc6 6. Nd5 Bb4+ 7. Nxb4 Nxb4 8.
Qd2 Nc6 9. Be2 d6 10. h3 h6 11. Bh4 Be6 12. O-O d5 13. Bg3 dxe4 14. dxe4 1-0